As aventuras de Robinson Crusoe (Registo nº 894)
[ vista simples ]
| 000 -Etiqueta do registo | |
|---|---|
| Cabeçalho | 00819nam0a2200265 i 4500 |
| 005 - Identificador da versão | |
| Campo de controlo | 20240813121818.0 |
| 010 ## - Número internacional normalizado dos livros (ISBN) | |
| Número (ISBN) | 9789898236036 |
| 021 ## - Número do Depósito Legal | |
| Código do país | PT |
| Número | 292046 /09 |
| 100 ## - Dados gerais de processamento | |
| Dados gerais de processamento | 20150223d2009 a y0pory5003 ba |
| 102 ## - Pais de publicação ou produção | |
| País de publicação | Portugal |
| 101 1# - Língua de publicação | |
| Língua do texto, banda sonora, etc. | Português |
| Língua do documento no original | Inglês |
| 215 ## - Descrição física | |
| Indicação específica da natureza do documento e extensão da espécie | 348 p |
| 200 1# - Titulo e menção de responsabilidade | |
| Título próprio | As aventuras de Robinson Crusoe |
| Primeira menção de responsabilidade | Daniel Defoe |
| Outras menções de responsabilidade | trad. Maria João Freire de Andrade |
| 225 2# - Colecção | |
| Título próprio da colecção | Biblioteca juvenil |
| Indicação de volume | 1 |
| 210 ## - Publicação, Distribuição, etc. | |
| Lugar da edição, distribuição, etc. | Lisboa |
| Nome do editor, distribuidor, etc. | Ed. Nelson de Matos |
| Data da publicação, distribuição, etc. | 2009 |
| 300 ## - Notas gerais | |
| Texto da nota | Metas Curriculares |
| 606 ## - Nome comum usado como assunto | |
| Número de registo de entrada de autoridade | 0002086 |
| Palavra de ordem | Literatura inglesa |
| Subdivisão de assunto | Romance de aventuras |
| Código do sistema | CA |
| 675 ## - Classificação Decimal Universal (CDU) | |
| Notação | 821.111-311.3 |
| Edição | 3ª ed. |
| Língua da edição | por |
| 702 #1 - Nome de autor-pessoa física (responsabilidade secundária) | |
| Número de registo de entrada de autoridade | 0001163 |
| Palavra de ordem | Andrade |
| Outra parte do nome não tomada para palavra de ordem | Maria João Freire |
| Código de função | Tradutor |
| 700 #1 - Nome de autor-pessoa física (responsabilidade principal) | |
| Número de registo de entrada de autoridade | 0001162 |
| Palavra de ordem | Defoe |
| Outra parte do nome não tomada para palavra de ordem | Daniel |
| Datas | 1660-1731 |
| 966 ## - Identificação da Biblioteca | |
| Sigla | EB2,3ENM |
| 942 ## - Elementos de entrada adicionados (Koha) | |
| Tipo de item no Koha | Livro |
| Situação do levantamento | Origin of item (home branch) (coded) | Biblioteca de empréstimo | Código de barras | Cota | Circulation type (not for loan) | Tipo de documento | Nota do exemplar | Damaged status |
|---|---|---|---|---|---|---|---|---|
| Biblioteca Escolar Eng. Nuno Mergulhão | Biblioteca Escolar Eng. Nuno Mergulhão | BENM1613 | 82LE-3 DEF MET | Livro | Sem mensagem |
